| Tag |
First Indicator |
Second Indicator |
Subfields |
| LEADER |
00000pam a2200000 a 4500 |
| 001 |
in00004465249 |
| 005 |
20210818135015.0 |
| 008 |
810430s1981 enk b 10100 eng d |
| 010 |
|
|
|a 80041752
|
| 020 |
|
|
|a 052123770X
|
| 035 |
|
|
|a (OCoLC)07733205
|
| 035 |
|
|
|9 AAC3470MS
|
| 035 |
|
|
|z (UtOrBLW)7845
|
| 035 |
|
|
|a 12826
|
| 039 |
0 |
|
|a 2
|b 3
|c 3
|d 3
|e 2
|
| 040 |
|
|
|a NLM
|c NLM
|d TMV
|d UtOrBLW
|
| 049 |
|
|
|a TMVM
|c [8003418]
|
| 059 |
|
|
|l MS/BOOK STKS
|z 1
|t BOOK
|k CIRCULATING
|i 323890008794A
|j 8003418
|n NL
|a WZ 70 FE5
|b B6 1978
|
| 060 |
|
0 |
|a WZ 70 FE5
|b B6 1978
|
| 245 |
0 |
0 |
|a Biology, medicine, and society, 1840-1940 /
|c edited by Charles Webster.
|
| 264 |
|
1 |
|a Cambridge ;
|a New York :
|b Cambridge University Press,
|c 1981.
|
| 300 |
|
|
|a ix, 344 pages ;
|c 23 cm.
|
| 336 |
|
|
|a text
|2 rdacontent
|b txt
|
| 337 |
|
|
|a unmediated
|2 rdamedia
|
| 338 |
|
|
|a volume
|2 rdacarrier
|b nc
|
| 490 |
1 |
|
|a Past and present publications
|
| 500 |
|
|
|a Revised texts of several papers presented at the conference on "The roots of sociobiology" held by the Past and Present Society in conjunction with the British Society for the History of Science on Sept. 29, 1978.
|
| 504 |
|
|
|a Includes bibliographical references and index.
|
| 650 |
|
2 |
|a Biology
|x history
|z England
|v Congresses.
|
| 650 |
|
2 |
|a History, 19th Century
|z England
|v Congresses.
|
| 650 |
|
2 |
|a History, 20th Century
|z England
|v Congresses.
|
| 650 |
|
2 |
|a Social Sciences
|x history
|z England
|v Congresses.
|
| 700 |
1 |
|
|a Webster, Charles.
|
| 710 |
2 |
|
|a British Society for the History of Science.
|
| 710 |
2 |
|
|a Past and Present Society.
|
| 830 |
|
0 |
|a Past and present publications.
|
| 940 |
|
|
|a 8003418
|
| 999 |
|
|
|a MARS
|
| 999 |
f |
f |
|s 5abe4870-342a-3376-a296-1ee55cb61faf
|i e8233aa1-c012-3b87-be2c-1ab8ec29e888
|t 0
|
| 952 |
f |
f |
|p ric
|a Texas A&M University
|b Rellis Campus
|c Joint Library Facility
|d Remote Storage
|t 0
|e WZ 70 FE5 B6 1978
|h National Library of Medicine classification
|i unmediated -- volume
|m 323890008794A
|
| 998 |
f |
f |
|a WZ 70 FE5 B6 1978
|t 0
|l Remote Storage
|